000 00706nam a22002417a 4500
005 20170124110041.0
010 _aA-439827
020 _c00.00
035 _aA-439827
037 _bCen Lib/Ret
040 _aDPL
_bEN
082 _a888.08
_bJAM
100 _aMd. Hanief
_923807
245 _aThe literary critism of Henry James /
_cby Md. Hanief
260 _aNew Delhi
_bMittal Publications
_c1990
270 _aA-110,Mohan Garden
_bNew Delhi
_e110059
300 _a147p.
_c21cm(Hb)
500 _aIncludes bibliographical reference and index
650 _aEnglish Literature
_923808
650 _aLiterature, Modern
_923809
700 _923677
942 _2ddc
_cEN
_h888.08
_mJAM
999 _c128575
_d128575